Deutsch als plurizentrische Sprache diplomová práca

Na minha lista:
Detalhes bibliográficos
Autor principal: Adamovič, Alexandra
Autor Corporativo: Fakulta aplikovaných jazykov EU v Bratislave. Katedra jazykovedy a translatológie
Outros Autores: Adamcová, Silvia, 1984-
Formato: Livro
Idioma:alemão
Publicado em: Bratislava 2018
Tags: Adicionar Tag
Sem tags, seja o primeiro a adicionar uma tag!

MARC

LEADER 00000nbm a2200000 4500
001 0244060
005 20181011144915.7
041 0 |a ger 
044 |a SK 
245 1 0 |a Deutsch als plurizentrische Sprache  |b diplomová práca  |c Alexandra Adamovič ; školiteľ: Silvia Adamcová 
264 1 |a Bratislava  |c 2018 
300 |a 66 s. 
100 1 |a Adamovič, Alexandra 
700 1 |a Adamcová, Silvia, 1984- 
710 2 |a Fakulta aplikovaných jazykov EU v Bratislave. Katedra jazykovedy a translatológie